经济首位度≤21%的省会城市 扫雷 Provincial capital cities with economic primacy ≤21% - Statistics

General Stats
  • This quiz has been taken 226 times
  • The average score is 3 of 6
Answers on the Grid
Answers color-coded by a green-red scale on the quiz's grid according to % correct below.
长春
银川
西宁
成都
西安
拉萨
武汉
哈尔滨
海口
兰州
长沙
沈阳
合肥
昆明
杭州
贵阳
福州
乌鲁木齐
太原
广州
南昌
郑州
南宁
石家庄
呼和浩特
南京
济南
 
Answer Stats
Answer % Correct
14 南京
79%
14 济南
65%
14 呼和浩特
48%
17 石家庄
40%
21 郑州
13%
20 南宁
10%
No matching quizzes found
Score Distribution
Percent of People with Each Score
Percentile by Number Answered
Your Score History
You have not taken this quiz